Match the Owl to the Hoo! - Statistics

General Stats
  • This quiz has been taken 8 times
  • The average score is 5 of 11
Answer Stats
Hint Answer % Correct
Most familiar call a descending whinny and often used in movie soundtracks. Eastern Screech-Owl
80%
Quiet in winter, otherwise HOO! Snowy Owl
80%
Does not hoo. Typical call a loud, creepy hiss: sssssssssssss! Barn Owl
60%
Most characteristic of all the owls; loud, hooting, rhythmic call: Who cooks for you? Who cooks for you all? Barred Owl
60%
MISCOU? MOSCOW? Russian Spy Owl
60%
Rapid, accelerating, continuous whoo-whoo-whoo-whoo-whoo-whoo-whoo-whoo-whoo Boreal Owl
40%
4-6 deep hoots: hoo-hoo-hooooo hoo-hoo, eat-my-food, I’ll-eat-you or who, who are you? who? who? Great Horned Owl
40%
Continuous whoo-whoo-whoo-whoo-whoo-whoo-whoo; repeated 100 times per minute, comparable to the sound of a truck. Northern Back-Up Owl
40%
A low, soft, dove-like quoo quoo Long-Eared Owl
20%
Does not hoo, makes a variety of noises normally heard in petshops! Mows like a cat, squeals like a pig, and barks like a small dog. Short-Eared Owl
20%
A repeated hoot of Who are you? Who? Who? Who? Who? Sir Roger Daltrey
20%
No matching quizzes found
Score Distribution
Percent of People with Each Score
Percentile by Number Answered
Your Score History
You have not taken this quiz